1661 1543 1029 1110 1184 1724 1897 1770 1265 1314 1230 1472 1755 1750 1134 1802 1655 1650 1523 1494 1265 1922 1549 1973 1561 1820 1386 1999 1062 1553 1487 1991 1701 1826 1401 1931 1538 1829 1543 1901 1087 1895 1011 1614 1642 1270 1522 1271 1902 1446 1417 1969 1228 1041 1598 1875 1661 1159 1663 1747 1940 1435 1277 1685 1803 1480 1507 1175 1246 1505 1157 1531 1149 1492 1463 1117 1254 1865 1257 1710 1679 1281 1639 1921 1672 1730 1805 1648 1952 1766 1378 1817 1434 1163 1230 1753 1062 1095 1489 BCNSPRNW ULIB Ver.6.0+V

เปลี่ยนเป็นภาษาไทย

Change to English
 แสดงรายละเอียดบรรณานุกรม
  กลับหน้าหลัก

Brief Record : Get Marc (ISO 2709) : E-mail record : QR code < ปิดหน้าต่าง
LEADER : 00000nam 2200000uu 4500
001    13399126118
003     ULIB
008    180611s2016||||th 000 0 tha d
020 ^a ^a9781438076355
050 ^  ^aPE1128^bL735B
100 ^a ^aLougheed, Lin.
245 ^a ^aBarron The Leader in Test Preparation IELTS practice Exams
250 ^a ^a3rd ed.
260 ^a ^aHauppauge, NY^bBarron Educational Series, Inc.^c2016
300 ^a ^a457 p.^c28 cm^e1audio CD (4 3/4 in.)
307 ^b ^aBook
500 ^a ^aPrevious edition: 2013
650 ^a ^aInternational English Language Testing System^vStudy guides.
650 ^a ^aEnglish language^vTextbooks for foreign speakers.
650 ^a ^aEnglish language^xExaminations^vStudy guides.
710 ^a ^aBarron Educational Series,Inc.
945    ^p880^l0^i004205
945    ^p880^l0^i004204
999    ^aวรรณษา ชูชัยมงคล
รายการนี้ยังไม่มีแท็ก
คุณยังไม่ได้ล็อกอิน คุณสามารถมีกิจกรรมร่วมกับเว็บไซต์ได้ แต่ต้องล็อกอินก่อน ::
  ล็อกอิน

รายการสื่อสารสนเทศ

ลำดับที่ ประเภท เลขเรียก/บาร์โค้ด สถานที่ สถานะ
1. วิทยาศาสตร์การแพทย์ และสุขภาพ
หนังสือสำรอง
สถานะ=หนังสือสำรอง
PE1128 L735B ฉ.1 
  Barcode: 004204
ห้องสมุดวิทยาเขตนครสวรรค์
►นวนิยาย:l:Fiction
บนชั้น
2. วิทยาศาสตร์การแพทย์ และสุขภาพ
วิทยาศาสตร์การแพทย์ และสุขภาพ
PE1128 L735B ฉ.2 
  Barcode: 004205
ห้องสมุดวิทยาเขตนครสวรรค์
►นวนิยาย:l:Fiction
บนชั้น

รายการใกล้เคียง
    ผู้แต่ง [Lougheed, Lin.]

BibComment


ยังไม่เคยถูกคอมเมนท์

คอมเมนท์ทรัพยากรรายการนี้
  คอมเมนท์: Barron The Leade..


 Copyright 2026. Bcnsprnw @Library